000 00449nam a2200157Ia 4500
008 220216s9999 xx 000 0 und d
100 _aSakdapipanich J T
245 0 _aCharacterization of the large and small rubber particles in fresh Hevea latex
260 _bRubber Chemistry and Technology
_c2002
300 _a179-185
650 _aHevea latex
650 _aRubber particles
700 _aKawahara S
700 _aNawamawat K
942 _cJS
999 _c55450
_d55450